My idea of God ; a symposium of faith /

Bibliographic Details
Main Author: Newton, Joseph Fort, 1876-1950
Format: Book
Language:English
Published: Boston : Little, Brown, and company, [1926]
Subjects:

MARC

Tag First Indicator Second Indicator Subfields
LEADER 00000cam a2200000 4500
001 in00000294792
005 20151010074536.0
008 730613s1926 mau 00010 eng
010 |a  26019017  
035 |a (OCoLC)00641995 
035 |9 ABF2658AM 
040 |c KSU  |d TXA  |d UtOrBLW 
049 |a TXAM  |c [45040] 
050 0 0 |a BT101.A1  |b N4 
100 1 |a Newton, Joseph Fort,  |d 1876-1950. 
245 1 0 |a My idea of God ;  |b a symposium of faith /  |c edited by Joseph Fort Newton. 
264 1 |a Boston :  |b Little, Brown, and company,  |c [1926] 
264 4 |c [©1926] 
300 |a ix pages, 3 ., [5]-286 pages ;  |c 22 cm. 
336 |a text  |b txt  |2 rdacontent 
337 |a unmediated  |b n  |2 rdamedia 
338 |a volume  |b nc  |2 rdacarrier 
650 0 |a God. 
999 |a MARS 
999 f f |s 1fc1966e-abbe-30af-b2e5-622c2414934b  |i 7318f457-1ebb-3d35-95d5-b6ffaf3d2a6d  |t 0 
952 f f |p ric  |a Texas A&M University  |b Rellis Campus  |c Joint Library Facility  |d Remote Storage  |t 0  |e BT101.A1 N4  |h Library of Congress classification  |i unmediated -- volume  |m A14801789175 
998 f f |a BT101.A1 N4  |t 0  |l Remote Storage